00446nam a2200181Ia 4500003000400000005001700004008004100021020001800062040000700080041000800087082001900095100003000114245004300144250000600187260004200193300001600235365001300251OSt20230406123021.0210423s2008 xx 000 0 und d a9780199219858 cAL aeng a512.7 HARG223 aHARDY (G H);WRIGHT (E M). aIntroduction to the theory of numbers. a6 aOxfordbOxford University Pressc2008 axxi,621bPB b595cINR